|
|
|
|
| LEADER |
00632nam a2200205 a 4500 |
| 001 |
000317685 |
| 003 |
CZ BrMZK |
| 005 |
19980105143423.0 |
| 007 |
ta |
| 008 |
980105s1990 xo f slo d |
| 040 |
|
|
|a BOA001
|b cze
|
| 080 |
|
|
|a 62:372(075)
|2 MRF
|
| 100 |
1 |
|
|a Turek, Ivan
|7 jk01140441
|4 aut
|
| 245 |
1 |
0 |
|a Didaktika technických predmetov /
|c Ivan Turek
|
| 250 |
|
|
|a 2., preprac. vyd.
|
| 260 |
|
|
|a Bratislava :
|b Slovenské pedagogické nakladateľstvo,
|c 1990
|
| 300 |
|
|
|a 244 s.
|
| 910 |
|
|
|a BOA001
|b 2-0964.962
|
| 990 |
|
|
|a BK
|
| 996 |
7 |
|
|b 2619845518
|c 2-0964.962
|l MZK
|r Sklad / do 1 hodiny
|n 29
|w 000317685
|u 000010
|a 1
|e BOA001
|j MZK50
|s A
|